MyGZULibrary

Rehabilitation techniques for sports medicine and athletic training / (Record no. 5049)

MARC details
000 -LEADER
fixed length control field 01008cam a22002774a 4500
001 - CONTROL NUMBER
control field 13080481
003 - CONTROL NUMBER IDENTIFIER
control field GZU
005 - DATE AND TIME OF LATEST TRANSACTION
control field 20210326095547.0
008 - FIXED-LENGTH DATA ELEMENTS--GENERAL INFORMATION
fixed length control field 030204s2004 maua b 001 0 eng
010 ## - LIBRARY OF CONGRESS CONTROL NUMBER
LC control number 2003042208
020 ## - INTERNATIONAL STANDARD BOOK NUMBER
International Standard Book Number 0072462108 (alk. paper)
040 ## - CATALOGING SOURCE
Original cataloging agency DLC
Transcribing agency DLC
Modifying agency DLC
042 ## - AUTHENTICATION CODE
Authentication code pcc
050 00 - LIBRARY OF CONGRESS CALL NUMBER
Classification number RD97
Item number .PRE 2004
100 1# - MAIN ENTRY--PERSONAL NAME
Personal name Prentice, William E.
Relator term author
245 10 - TITLE STATEMENT
Title Rehabilitation techniques for sports medicine and athletic training /
Statement of responsibility, etc. William E. Prentice.
250 ## - EDITION STATEMENT
Edition statement 4th ed.
260 ## - PUBLICATION, DISTRIBUTION, ETC.
Place of publication, distribution, etc. Boston :
Name of publisher, distributor, etc. McGraw-Hill,
Date of publication, distribution, etc. c2004.
300 ## - PHYSICAL DESCRIPTION
Extent xiv, 706 p. :
Other physical details ill. ;
Dimensions 24 cm.
504 ## - BIBLIOGRAPHY, ETC. NOTE
Bibliography, etc. note Includes bibliographical references and index.
650 #0 - SUBJECT ADDED ENTRY--TOPICAL TERM
Topical term or geographic name entry element Sports injuries
General subdivision Patients
-- Rehabilitation.
856 41 - ELECTRONIC LOCATION AND ACCESS
Materials specified Table of contents
Uniform Resource Identifier <a href="http://www.loc.gov/catdir/toc/fy038/2003042208.html">http://www.loc.gov/catdir/toc/fy038/2003042208.html</a>
856 42 - ELECTRONIC LOCATION AND ACCESS
Materials specified Publisher description
Uniform Resource Identifier <a href="http://www.loc.gov/catdir/enhancements/fy0668/2003042208-d.html">http://www.loc.gov/catdir/enhancements/fy0668/2003042208-d.html</a>
906 ## - LOCAL DATA ELEMENT F, LDF (RLIN)
a 7
b cbc
c orignew
d 1
e ocip
f 20
g y-gencatlg
942 ## - ADDED ENTRY ELEMENTS (KOHA)
Source of classification or shelving scheme Library of Congress Classification
Koha item type Books
Edition 4th ed.
Classification part 97
Item part PRE
Call number prefix RD
Holdings
Withdrawn status Lost status Source of classification or shelving scheme Damaged status Not for loan Collection code Home library Current library Shelving location Date acquired Inventory number Total Checkouts Full call number Barcode Date last seen Copy number Price effective from Koha item type
    Library of Congress Classification     Non-fiction City Campus Library City Campus Library General Stacks 03/26/2021 9895   RD95 PRE 2004 G20530 03/26/2021 c. 1 03/26/2021 Books
    Library of Congress Classification     Non-fiction City Campus Library City Campus Library General Stacks 03/26/2021     RD97 PRE 2004 003532 03/26/2021 c.2 03/26/2021 Books
    Library of Congress Classification     Non-fiction City Campus Library City Campus Library General Stacks 03/26/2021 9894   RD97 PRE 2004 G20645 03/26/2021 c. 3 03/26/2021 Books